<?xml version="1.0" encoding="UTF-8"?>
<record
    xmlns:xsi="http://www.w3.org/2001/XMLSchema-instance"
    xsi:schemaLocation="http://www.loc.gov/MARC21/slim http://www.loc.gov/standards/marcxml/schema/MARC21slim.xsd"
    xmlns="http://www.loc.gov/MARC21/slim">

  <leader>01326nam a22002297a 4500</leader>
  <controlfield tag="003">SEM</controlfield>
  <datafield tag="999" ind1=" " ind2=" ">
    <subfield code="c">68146</subfield>
    <subfield code="d">68146</subfield>
  </datafield>
  <controlfield tag="005">20220608074054.0</controlfield>
  <controlfield tag="008">180718b           ||||| |||| 00| 0 eng d</controlfield>
  <datafield tag="020" ind1=" " ind2=" ">
    <subfield code="a">0500280681</subfield>
  </datafield>
  <datafield tag="040" ind1=" " ind2=" ">
    <subfield code="a">SEM</subfield>
    <subfield code="c">SEM</subfield>
  </datafield>
  <datafield tag="041" ind1="0" ind2=" ">
    <subfield code="a">eng.</subfield>
  </datafield>
  <datafield tag="080" ind1=" " ind2=" ">
    <subfield code="a">003.334.1/D-83</subfield>
  </datafield>
  <datafield tag="100" ind1="1" ind2=" ">
    <subfield code="a">Drucker Johanna</subfield>
  </datafield>
  <datafield tag="245" ind1="2" ind2="4">
    <subfield code="a">The alphabetic labyrinth:</subfield>
    <subfield code="b">the letters in history and imagination. / </subfield>
    <subfield code="c">J. Drucker</subfield>
  </datafield>
  <datafield tag="260" ind1=" " ind2=" ">
    <subfield code="a">London:</subfield>
    <subfield code="b">Thames and Hudson Ltd,</subfield>
    <subfield code="c">1999.</subfield>
  </datafield>
  <datafield tag="300" ind1=" " ind2=" ">
    <subfield code="a">320 p.;</subfield>
    <subfield code="b">ill.;</subfield>
    <subfield code="c">26 cm</subfield>
  </datafield>
  <datafield tag="500" ind1=" " ind2=" ">
    <subfield code="a">[The alphabet in context. Origins and historians. The alphabet in classical history, philosophy and divination. Gnosticism, Hermeticism, Neo-platonism and Neo-pythagoreanism: the alphabet in Hellenistic and Early Christian era. Calligraphy, alchemy and ars combinatoria in the medieval period. The Kabbalah. Rationalizing the alphabet: construction, real character and philosophical languages in the Renaissance. The social contract, primitivism and nationalism: the alphabet in the 18th century. The alphabet in the 19th century: advertising, visible speech and narratives of history. 20th century: eclecticism, technology and the idiosyncratic imagination]</subfield>
  </datafield>
  <datafield tag="504" ind1=" " ind2=" ">
    <subfield code="a">Notes - p.: 309-311; Biblio. - p.: 312-315; Index - p.: 316-320</subfield>
  </datafield>
  <datafield tag="650" ind1=" " ind2=" ">
    <subfield code="a">Alphabet</subfield>
    <subfield code="x">history</subfield>
  </datafield>
  <datafield tag="650" ind1=" " ind2=" ">
    <subfield code="a">Writing</subfield>
    <subfield code="x">history</subfield>
  </datafield>
  <datafield tag="942" ind1=" " ind2=" ">
    <subfield code="2">udc</subfield>
    <subfield code="c">BK</subfield>
  </datafield>
  <datafield tag="952" ind1=" " ind2=" ">
    <subfield code="0">0</subfield>
    <subfield code="1">0</subfield>
    <subfield code="2">udc</subfield>
    <subfield code="4">0</subfield>
    <subfield code="7">0</subfield>
    <subfield code="8">&#x533;&#x580;&#x561;&#x57A;&#x561;&#x570;&#x578;&#x581;</subfield>
    <subfield code="a">SEM</subfield>
    <subfield code="b">SEM</subfield>
    <subfield code="d">2018-07-18</subfield>
    <subfield code="g">2000.00</subfield>
    <subfield code="i">E-6569</subfield>
    <subfield code="l">0</subfield>
    <subfield code="o">003.334.1/D-83</subfield>
    <subfield code="p">E-6569</subfield>
    <subfield code="r">2018-07-18</subfield>
    <subfield code="w">2018-07-18</subfield>
    <subfield code="y">BK</subfield>
    <subfield code="z">&#x54D;&#x57A;&#x561;&#x57D;&#x561;&#x580;&#x56F;&#x57E;&#x578;&#x582;&#x574; &#x567; &#x568;&#x576;&#x569;&#x565;&#x580;&#x581;&#x561;&#x57D;&#x580;&#x561;&#x570;</subfield>
  </datafield>
</record>
